00926cam a2200253 45000010008000000030004000080050017000120080041000290100017000700200015000870400018001020430012001200820015001321000025001472450135001722600054003073000018003613500009003794900060003885040041004486100075004896500042005648300066006062261737OSt20230704120214.0700908s1970 flu b 000 0 eng  a 77630981  a0813003040 aDLCcDLCdDLC an-us---00a341.6bINT1 aHenderson, Thomas A.10aCongressional oversight of executive agencies;ba study of the House Committee on Government Operationsc[by] Thomas A. Henderson. aGainesville,bUniversity of Florida Press,c1970. a74 p.c23 cm. a2.001 aUniversity of Florida social sciences monograph, no. 40 aIncludes bibliographical references.10aUnited States.bCongress.bHouse.bCommittee on Government Operations. 0aLegislative oversightzUnited States. 0aUniversity of Florida monographs.pSocial sciences ;vno. 40.